Programa digital para el cálculo de cortocircuitos trifásicos y monofásicos a tierra en un sistema de potencia utilizando la matriz zbarra
Guardat en:
| Autor principal: | |
|---|---|
| Format: | Llibre |
| Publicat: |
[San José , Costa Rica]
1985
|
| Matèries: | |
| Etiquetes: |
Afegir etiqueta
Sense etiquetes, Sigues el primer a etiquetar aquest registre!
|
MARC
| LEADER | 00000nam a2200000Ia 4500 | ||
|---|---|---|---|
| 003 | 004327 | ||
| 005 | 20221231144402.0 | ||
| 008 | 140114s1985 c a m 000 ||s d | ||
| 040 | |c cru CEDI | ||
| 090 | |a TFG 1694 | ||
| 100 | |a Ureña Araya, German A. |9 14509 | ||
| 245 | |a Programa digital para el cálculo de cortocircuitos trifásicos y monofásicos a tierra en un sistema de potencia utilizando la matriz zbarra | ||
| 260 | |c 1985 |a [San José , Costa Rica] | ||
| 300 | |a 95 páginas : ilustraciones | ||
| 500 | |a Proyecto de graduación (bachillerato )--Universidad de Costa Rica. Facultad de Ingeniería. Escuela de Ingeniería Eléctrica | ||
| 650 | |x CIRCUITOS ELECTRICOS - PROGRAMAS PARA COMPUTADORA |x ENERGIA ELECTRICA - PROGRAMAS PARA COMPUTADORA |x CORTOCIRCUITOS |9 14510 | ||
| 942 | |c TFG | ||
| 999 | |c 21089 |d 21089 | ||
